Subdivisions Bordering Armenia - Statistics

General Stats
  • This quiz has been taken 9 times
  • The average score is 5 of 16
Answer Stats
Country Answer % Correct
Turkey Kars
71%
Turkey Ardahan
57%
Turkey Iğdır
57%
Iran East Azerbaijan
43%
Azerbaijan Dashkasan
29%
Azerbaijan Lachin
29%
Azerbaijan Nakhchivan
29%
Azerbaijan Qazax
29%
Azerbaijan Zangilan
29%
Azerbaijan Aghstafa
14%
Azerbaijan Gadabay
14%
Azerbaijan Kalbajar
14%
Azerbaijan Qubadli
14%
Georgia Samtskhe-Javakheti
14%
Azerbaijan Tovuz
14%
Georgia Kvemo Kartli
0%
No matching quizzes found
Score Distribution
Percent of People with Each Score
Percentile by Number Answered
Your Score History
You have not taken this quiz